[Event "TCh-FRA Top 12 2017"]
[Site "Chartres FRA"]
[Date "2017.05.18"]
[Round "1.1"]
[Board "4"]
[White "Istratescu, Andrei"]
[Black "Edouard, Romain"]
[Result "1/2-1/2"]
[WhiteTitle "GM"]
[BlackTitle "GM"]
[WhiteElo "2596"]
[BlackElo "2640"]
[WhiteTeam "MULHOUSE Philidor"]
[BlackTeam "BISCHWILLER"]
[WhiteFideId "1200372"]
[BlackFideId "633429"]
[EventDate "2017.05.18"]

1. d4 Nf6 2. c4 e6 3. Nf3 d5 4. Nc3 c5 5. cxd5 cxd4 6. Qxd4 exd5 7. e4 Nc6 8.
Bb5 dxe4 9. Qxd8+ Kxd8 10. Ng5 Be6 11. O-O Bb4 12. Ncxe4 Nxe4 13. Nxe4 Ke7 14.
Be3 Rhd8 15. Bxc6 bxc6 16. a3 Bd6 17. Nxd6 Kxd6 1/2-1/2

[Event "TCh-FRA Top 12 2017"]
[Site "Chartres FRA"]
[Date "2017.05.18"]
[Round "1.1"]
[Board "7"]
[White "Maze, Sebastien"]
[Black "Ider, Borya"]
[Result "1/2-1/2"]
[WhiteTitle "GM"]
[BlackTitle "IM"]
[WhiteElo "2619"]
[BlackElo "2456"]
[WhiteTeam "BISCHWILLER"]
[BlackTeam "MULHOUSE Philidor"]
[WhiteFideId "613762"]
[BlackFideId "4901134"]
[EventDate "2017.05.18"]

1. Nf3 d5 2. g3 Nf6 3. Bg2 e6 4. c4 dxc4 5. O-O a6 6. a4 Nc6 7. Na3 Na5 8. Qc2
Qd5 9. Rd1 Bd6 10. d4 Qe4 11. Qc3 Nb3 12. Qxc4 Nxa1 13. Nh4 Qg4 14. Bf3 Qh3 15.
Bg2 Qg4 16. Bf3 1/2-1/2

[Event "TCh-FRA Top 12 2017"]
[Site "Chartres FRA"]
[Date "2017.05.18"]
[Round "1.2"]
[Board "3"]
[White "Nataf, Igor-Alexandre"]
[Black "Godard, Maxence"]
[Result "1/2-1/2"]
[WhiteTitle "GM"]
[BlackTitle "IM"]
[WhiteElo "2535"]
[BlackElo "2329"]
[WhiteTeam "C.E. STRASBOURG"]
[BlackTeam "Club d' Echecs Lexovien, LISIEUX"]
[WhiteFideId "605492"]
[BlackFideId "603694"]
[EventDate "2017.05.18"]

1. e4 c6 2. d4 d5 3. e5 Bf5 4. h4 h5 5. Bd3 Bxd3 6. Qxd3 Qa5+ 7. Nd2 e6 8. Nf3
Nh6 9. O-O Nf5 10. Nb3 Qa6 11. Qd1 Nd7 12. Re1 Be7 13. g3 c5 14. c3 c4 15. Nbd2
b5 16. Nf1 b4 17. Bg5 f6 18. Bf4 Kf7 19. Qc2 Rae8 20. exf6 gxf6 21. Ne3 Nxe3 22.
Rxe3 Nf8 23. cxb4 Bxb4 24. Re2 Ng6 25. Bd2 Bd6 26. Rae1 Rhg8 27. b3 Qc8 28. Bh6
Rh8 29. Rxe6 Rxe6 1/2-1/2

[Event "TCh-FRA Top 12 2017"]
[Site "Chartres FRA"]
[Date "2017.05.18"]
[Round "1.2"]
[Board "5"]
[White "Sebag, Marie"]
[Black "Decosse, Jean-Fabien"]
[Result "1/2-1/2"]
[WhiteTitle "GM"]
[BlackTitle "CM"]
[WhiteElo "2488"]
[BlackElo "2216"]
[WhiteTeam "C.E. STRASBOURG"]
[BlackTeam "Club d' Echecs Lexovien, LISIEUX"]
[WhiteFideId "617822"]
[BlackFideId "622583"]
[EventDate "2017.05.18"]

1. e4 d6 2. d4 Nf6 3. Nc3 e5 4. Nf3 Nbd7 5. Bc4 Be7 6. O-O O-O 7. Re1 c6 8. a4
a5 9. h3 exd4 10. Nxd4 Nc5 11. Bf4 Be6 12. Nxe6 fxe6 13. e5 Ne8 14. exd6 Rxf4
15. dxe7 Qxe7 16. Bf1 Nc7 17. g3 Rf5 18. Bg2 Raf8 19. Re2 e5 20. Ne4 Rd8 21. Rd2
Rff8 22. Nxc5 Rxd2 23. Qxd2 Qxc5 24. Ra3 Nd5 25. Rd3 Nf6 26. Rd8 Qb4 27. c3 Qe7
28. Rd3 Re8 29. Qe3 e4 30. Rd4 Qe5 31. h4 h6 32. Rd1 c5 33. Re1 b6 34. Qd2 Qe6
35. Bf1 Qe7 36. Bc4+ Kf8 37. Qe3 Qd6 38. Bb3 Rd8 39. Kg2 Qd2 40. Bc4 Qxb2 41.
Re2 Qa1 42. Rd2 Rxd2 43. Qxd2 Ke7 44. Bb5 h5 45. Qg5 Kf8 46. Qe5 Qb2 47. Bc4
Qxf2+ 48. Kxf2 Ng4+ 49. Ke2 Nxe5 50. Bd5 Ke7 51. Ke3 Ng4+ 52. Kxe4 Nf6+ 53. Ke5
Nxd5 54. Kxd5 b5 55. axb5 a4 56. Kc4 Kd6 57. Kd3 a3 58. Kc2 c4 59. Kb1 Kc5 60.
Ka2 Kxb5 61. Kxa3 Ka5 62. Ka2 Ka4 1/2-1/2

[Event "TCh-FRA Top 12 2017"]
[Site "Chartres FRA"]
[Date "2017.05.18"]
[Round "1.3"]
[Board "1"]
[White "Laznicka, Viktor"]
[Black "Li, Chao b"]
[Result "1/2-1/2"]
[WhiteTitle "GM"]
[BlackTitle "GM"]
[WhiteElo "2672"]
[BlackElo "2722"]
[WhiteTeam "C.E. de BOIS COLOMBES"]
[BlackTeam "NICE Alekhine"]
[WhiteFideId "316385"]
[BlackFideId "8604436"]
[EventDate "2017.05.18"]

1. d4 Nf6 2. c4 g6 3. Nf3 Bg7 4. g3 d5 5. cxd5 Nxd5 6. Bg2 Nb6 7. Nc3 Nc6 8. e3
e5 9. d5 Ne7 10. e4 Bg4 11. h3 Bxf3 12. Qxf3 O-O 13. O-O c6 14. Rd1 cxd5 1/2-1/2

[Event "TCh-FRA Top 12 2017"]
[Site "Chartres FRA"]
[Date "2017.05.18"]
[Round "1.3"]
[Board "2"]
[White "Gharamian, Tigran"]
[Black "Bachmann, Axel"]
[Result "1/2-1/2"]
[WhiteTitle "GM"]
[BlackTitle "GM"]
[WhiteElo "2626"]
[BlackElo "2646"]
[WhiteTeam "NICE Alekhine"]
[BlackTeam "C.E. de BOIS COLOMBES"]
[WhiteFideId "13301527"]
[BlackFideId "3700488"]
[EventDate "2017.05.18"]

1. e4 d6 2. d4 Nf6 3. Nc3 g6 4. Bg5 c6 5. Qd2 Bg7 6. Bh6 Bxh6 7. Qxh6 e5 8.
O-O-O Qe7 9. h3 Nbd7 10. Nf3 a6 11. Bd3 b5 12. Rhe1 Bb7 13. Kb1 Ng8 14. Qe3 Ngf6
15. Qh6 Ng8 16. Qe3 Ngf6 1/2-1/2

[Event "TCh-FRA Top 12 2017"]
[Site "Chartres FRA"]
[Date "2017.05.18"]
[Round "1.3"]
[Board "3"]
[White "Koziak, Vitali"]
[Black "Lagarde, Maxime"]
[Result "1/2-1/2"]
[WhiteTitle "IM"]
[BlackTitle "GM"]
[WhiteElo "2507"]
[BlackElo "2601"]
[WhiteTeam "C.E. de BOIS COLOMBES"]
[BlackTeam "NICE Alekhine"]
[WhiteFideId "14102234"]
[BlackFideId "662399"]
[EventDate "2017.05.18"]

1. e4 e6 2. d4 d5 3. exd5 exd5 4. Nf3 Bd6 5. c4 c6 6. Nc3 Ne7 7. Bd3 h6 8. O-O
Nd7 9. cxd5 cxd5 10. Qb3 Nf6 11. Bb5+ Nc6 12. Re1+ Be6 13. Qa4 O-O 14. Bxc6 bxc6
15. Qxc6 Rc8 16. Qa6 Ne4 17. Qxa7 Nxc3 18. bxc3 Rxc3 19. Be3 Ra3 20. Qb7 Qa5 21.
Bd2 Qa8 22. Qxa8 Rfxa8 23. Ne5 Rxa2 24. Rxa2 Rxa2 25. Be3 Bf5 26. f3 f6 27. Nc6
Bd7 28. Rc1 Ra6 29. Nd8 Rb6 30. Bd2 Kf8 31. Ba5 Rb8 32. Re1 Rb5 33. Bd2 Rb2 34.
Bc3 Rb3 35. Ne6+ Kf7 36. Nd8+ Kg6 37. Ba5 Ra3 38. Nb7 Bf4 39. Nc5 Bb5 40. Bb4
Ra2 41. Ne6 Bb8 42. Bf8 Kf7 43. Bc5 Bc4 44. Nd8+ Kg6 45. Ne6 h5 46. Rb1 Ra8 47.
g3 h4 48. Rb7 Ra1+ 49. Kf2 Ra2+ 50. Kg1 Ra1+ 1/2-1/2

[Event "TCh-FRA Top 12 2017"]
[Site "Chartres FRA"]
[Date "2017.05.18"]
[Round "1.3"]
[Board "8"]
[White "Bollengier, Andreea"]
[Black "Dacalor, Aurelie"]
[Result "1-0"]
[WhiteTitle "WIM"]
[BlackTitle "WFM"]
[WhiteElo "2234"]
[BlackElo "1997"]
[WhiteTeam "NICE Alekhine"]
[BlackTeam "C.E. de BOIS COLOMBES"]
[WhiteFideId "1203347"]
[BlackFideId "617083"]
[EventDate "2017.05.18"]

1. e4 e5 2. Nf3 Nc6 3. Bb5 Nf6 4. Qe2 Be7 5. O-O O-O 6. Bxc6 dxc6 7. Nxe5 Re8 8.
d3 c5 9. Nc3 c6 10. f4 Bd6 11. Nc4 Bc7 12. Kh1 Nd5 13. Qf2 Nxc3 14. bxc3 b6 15.
Ne3 b5 16. c4 Ba6 17. cxb5 cxb5 18. Bb2 Bc8 19. Nd5 Kh8 20. Qxc5 Bd6 21. Qc3 Bf8
22. Nc7 1-0

[Event "TCh-FRA Top 12 2017"]
[Site "Chartres FRA"]
[Date "2017.05.18"]
[Round "1.4"]
[Board "1"]
[White "Wojtaszek, Radoslaw"]
[Black "Kryvoruchko, Yuriy"]
[Result "1/2-1/2"]
[WhiteTitle "GM"]
[BlackTitle "GM"]
[WhiteElo "2734"]
[BlackElo "2714"]
[WhiteTeam "CLICHY Echecs 92"]
[BlackTeam "GRASSE Echecs"]
[WhiteFideId "1118358"]
[BlackFideId "14109182"]
[EventDate "2017.05.18"]

1. d4 Nf6 2. c4 e6 3. Nf3 d5 4. g3 Be7 5. Bg2 O-O 6. O-O dxc4 7. Qc2 a6 8. a4
Bd7 9. Qxc4 Bc6 10. Bg5 Bd5 11. Qc2 Be4 12. Qc1 h6 13. Bxf6 Bxf6 14. Rd1 a5 15.
Nbd2 Bxf3 16. Bxf3 c6 17. Nc4 Na6 18. Qf4 Nb4 19. e3 Qe7 20. h4 Rfd8 21. Rac1
Nd5 22. Qe4 Qb4 23. Qc2 Rac8 24. Nd2 Be7 25. b3 c5 26. e4 Nb6 27. d5 exd5 28.
exd5 Nxd5 29. Nc4 Nf6 30. Re1 Rc7 31. Re3 b5 32. axb5 Qxb5 33. Rce1 Bf8 34. g4
g6 35. h5 g5 36. Ra1 Ra7 37. Qf5 Bg7 38. Ne5 Rc7 39. Be2 Qb7 40. Bc4 Rd4 41.
Rae1 Rf4 42. Qd3 Rd4 43. Qf5 Rf4 44. Qd3 Rd4 1/2-1/2

[Event "TCh-FRA Top 12 2017"]
[Site "Chartres FRA"]
[Date "2017.05.18"]
[Round "1.4"]
[Board "2"]
[White "Kuzubov, Yuriy"]
[Black "Hamdouchi, Hicham"]
[Result "1/2-1/2"]
[WhiteTitle "GM"]
[BlackTitle "GM"]
[WhiteElo "2637"]
[BlackElo "2586"]
[WhiteTeam "GRASSE Echecs"]
[BlackTeam "CLICHY Echecs 92"]
[WhiteFideId "14112906"]
[BlackFideId "9000011"]
[EventDate "2017.05.18"]

1. d4 Nf6 2. c4 g6 3. Nf3 Bg7 4. e3 O-O 5. Be2 d6 6. Nc3 Nbd7 7. O-O e5 8. Re1
Re8 9. b4 e4 10. Nd2 Nf8 11. a4 h5 12. b5 Bf5 13. a5 a6 14. bxa6 bxa6 15. Ba3
Ne6 16. Nd5 c5 17. Nb6 Ra7 18. Nb3 Nd7 19. dxc5 dxc5 20. Ra2 Nxb6 21. Qxd8 Rxd8
22. axb6 Rb7 23. Bxc5 Rc8 24. Bd4 Nxd4 25. Nxd4 Rxb6 26. Nxf5 gxf5 27. Bxh5 Rxc4
28. Ra5 f4 29. exf4 Bc3 30. Rg5+ Kf8 31. Rd1 Rd4 32. Kf1 Rxd1+ 33. Bxd1 Rb2 34.
Rd5 Rd2 35. Rxd2 Bxd2 36. g3 f5 37. f3 exf3 38. Bc2 Be3 39. Bxf5 a5 40. Be4 f2
41. Bc6 Kg7 42. Ke2 Kf6 1/2-1/2

[Event "TCh-FRA Top 12 2017"]
[Site "Chartres FRA"]
[Date "2017.05.18"]
[Round "1.4"]
[Board "3"]
[White "Fressinet, Laurent"]
[Black "Areshchenko, Alexander"]
[Result "1/2-1/2"]
[WhiteTitle "GM"]
[BlackTitle "GM"]
[WhiteElo "2668"]
[BlackElo "2677"]
[WhiteTeam "CLICHY Echecs 92"]
[BlackTeam "GRASSE Echecs"]
[WhiteFideId "608742"]
[BlackFideId "14109530"]
[EventDate "2017.05.18"]

1. e4 c5 2. Nf3 d6 3. d4 cxd4 4. Nxd4 Nf6 5. Nc3 a6 6. Be2 e5 7. Nb3 Be7 8. Be3
Be6 9. Qd3 Nbd7 10. O-O Rc8 11. Nd5 Bxd5 12. exd5 Nb6 13. Bf3 Nc4 14. Bc1 Qc7
15. c3 O-O 16. a4 Rfe8 17. Nd2 Nxd2 18. Bxd2 Bf8 19. Rfe1 g6 20. b4 Nd7 21. a5
f5 22. Be2 e4 23. Qg3 Bg7 24. Rac1 Be5 25. Bf4 Bxf4 26. Qxf4 Re5 27. c4 b6 28.
axb6 1/2-1/2

[Event "TCh-FRA Top 12 2017"]
[Site "Chartres FRA"]
[Date "2017.05.18"]
[Round "1.4"]
[Board "4"]
[White "Libiszewski, Fabien"]
[Black "Tregubov, Pavel V."]
[Result "1/2-1/2"]
[WhiteTitle "GM"]
[BlackTitle "GM"]
[WhiteElo "2544"]
[BlackElo "2584"]
[WhiteTeam "GRASSE Echecs"]
[BlackTeam "CLICHY Echecs 92"]
[WhiteFideId "616834"]
[BlackFideId "4115341"]
[EventDate "2017.05.18"]

1. e4 e5 2. Nf3 Nf6 3. d4 Nxe4 4. Bd3 d5 5. Nxe5 Nd7 6. Nxd7 Bxd7 7. Nc3 Nf6 8.
Bg5 Be7 9. Qd2 c6 10. O-O-O O-O 11. f3 Ne8 12. Bxe7 Qxe7 13. Rde1 Qd6 14. h4 Nc7
15. Ne2 Rfe8 16. Qf4 Qxf4+ 17. Nxf4 g6 18. g4 h6 19. Kd2 Kg7 20. c3 1/2-1/2

[Event "TCh-FRA Top 12 2017"]
[Site "Chartres FRA"]
[Date "2017.05.18"]
[Round "1.4"]
[Board "6"]
[White "Apicella, Manuel"]
[Black "Delorme, Axel"]
[Result "1/2-1/2"]
[WhiteTitle "GM"]
[BlackTitle "IM"]
[WhiteElo "2515"]
[BlackElo "2514"]
[WhiteTeam "GRASSE Echecs"]
[BlackTeam "CLICHY Echecs 92"]
[WhiteFideId "600164"]
[BlackFideId "632023"]
[EventDate "2017.05.18"]

1. e4 e5 2. Nf3 Nc6 3. Bb5 a6 4. Ba4 Nf6 5. O-O Be7 6. Re1 b5 7. Bb3 d6 8. c3
O-O 9. h3 Na5 10. Bc2 c5 11. d4 Qc7 12. d5 Bd7 13. b3 Rfb8 14. Nbd2 c4 15. b4
Nb7 16. a3 a5 17. Rb1 Ne8 18. Nf1 Nd8 19. g4 g6 20. Ng3 Ng7 21. Kh2 f6 22. Rg1
Nf7 23. Be3 axb4 24. axb4 Qb7 25. Qd2 Ra2 26. Ra1 Rba8 27. Rxa2 Rxa2 28. Qc1 Bd8
29. Bb1 Ra1 30. Qb2 Ra6 31. Nf1 Kh8 32. Qd2 Ra1 33. Qb2 Ra6 34. Qd2 Ra1 35. Qb2
Ra6 1/2-1/2

[Event "TCh-FRA Top 12 2017"]
[Site "Chartres FRA"]
[Date "2017.05.18"]
[Round "1.5"]
[Board "2"]
[White "Jobava, Baadur"]
[Black "Donchenko, Alexander"]
[Result "1/2-1/2"]
[WhiteTitle "GM"]
[BlackTitle "GM"]
[WhiteElo "2713"]
[BlackElo "2563"]
[WhiteTeam "TREMBLAY EN FRANCE"]
[BlackTeam "VANDOEUVRE Echecs"]
[WhiteFideId "13601520"]
[BlackFideId "24603295"]
[EventDate "2017.05.18"]

1. d4 d5 2. c4 e6 3. Nc3 Nf6 4. Bf4 Bb4 5. e3 O-O 6. Rc1 c5 7. dxc5 Ne4 8. cxd5
exd5 9. Ne2 g5 10. Bxb8 Rxb8 11. Qd4 Bxc5 12. Qxd5 Qxd5 13. Nxd5 Be6 14. Nf6+
Nxf6 15. Rxc5 h6 16. Nc3 b6 17. Rc6 b5 18. Bxb5 Nd5 19. a4 Nb4 20. Rc7 a6 21.
Be2 Nd5 22. Nxd5 Bxd5 23. O-O Rxb2 24. Bxa6 Ra2 25. Bb5 Bb3 26. h3 Bxa4 27. Bc4
Rb2 28. f4 Bb5 29. fxg5 Bxc4 30. Rxc4 hxg5 31. Rf5 f6 32. Rg4 Kg7 33. e4 Rb4 34.
h4 Kg6 35. Rff4 Kh5 1/2-1/2

[Event "TCh-FRA Top 12 2017"]
[Site "Chartres FRA"]
[Date "2017.05.18"]
[Round "1.5"]
[Board "3"]
[White "Bailet, Pierre"]
[Black "Piorun, Kacper"]
[Result "1/2-1/2"]
[WhiteTitle "IM"]
[BlackTitle "GM"]
[WhiteElo "2519"]
[BlackElo "2638"]
[WhiteTeam "VANDOEUVRE Echecs"]
[BlackTeam "TREMBLAY EN FRANCE"]
[WhiteFideId "655830"]
[BlackFideId "1130420"]
[EventDate "2017.05.18"]

1. e4 e5 2. Nf3 Nc6 3. Nc3 Nf6 4. d4 exd4 5. Nxd4 Bb4 6. Nxc6 bxc6 7. Bd3 d5 8.
exd5 cxd5 9. O-O O-O 10. h3 c6 11. Qf3 Re8 12. Bf4 Bd6 13. Rad1 Be6 14. b3 Qb8
15. Ne2 a5 16. a4 Bd7 17. Bxd6 Qxd6 18. Nf4 Re5 19. Rfe1 Rae8 20. Rxe5 Qxe5 21.
Ne2 Kf8 22. Qf4 Qxf4 23. Nxf4 Rb8 24. f3 Ke7 25. Kf2 Rb4 26. Ke3 g5 27. Ne2 c5
28. Nc1 h5 29. Kd2 Kd6 30. Na2 Rb8 31. Nc3 h4 32. Kc1 Be6 33. Re1 Nh5 34. Nb5+
Ke7 35. Nc3 Nf4 36. Bf1 Kf6 37. Kd2 Bf5 38. Ne2 Ne6 39. Nc1 Nf4 40. Ne2 Ne6 41.
Nc1 Rd8 42. Bd3 Bxd3 43. Nxd3 Rc8 1/2-1/2

[Event "TCh-FRA Top 12 2017"]
[Site "Chartres FRA"]
[Date "2017.05.18"]
[Round "1.5"]
[Board "4"]
[White "Shchekachev, Andrei"]
[Black "Hamitevici, Vladimir"]
[Result "1/2-1/2"]
[WhiteTitle "GM"]
[BlackTitle "IM"]
[WhiteElo "2538"]
[BlackElo "2487"]
[WhiteTeam "TREMBLAY EN FRANCE"]
[BlackTeam "VANDOEUVRE Echecs"]
[WhiteFideId "4107730"]
[BlackFideId "13902393"]
[EventDate "2017.05.18"]

1. Nf3 c5 2. c4 Nc6 3. d4 cxd4 4. Nxd4 e6 5. Nb5 d6 6. N1c3 a6 7. Nd4 Be7 8. e4
Nf6 9. Be2 O-O 10. O-O Qc7 11. Be3 Bd7 12. Rc1 Nxd4 13. Qxd4 Rac8 14. Rfd1 Qb8
15. a4 a5 16. f3 Bc6 17. b3 Nd7 18. Qd2 Nc5 19. Rb1 h6 20. Kh1 Rfd8 21. Bd3 Qc7
22. Bc2 Bf6 23. Ne2 b6 24. Nd4 Ba8 25. Nb5 Qb8 26. Qf2 d5 27. exd5 exd5 28. Bf5
dxc4 29. Bxc8 Qxc8 30. Bxc5 bxc5 31. bxc4 Rf8 32. Re1 Qf5 33. Nd6 Qh5 34. Qg3
Bc6 35. Rb6 Bxa4 36. Ne4 Bd4 37. Nf6+ Bxf6 38. Rxf6 Re8 39. Ra6 Rxe1+ 40. Qxe1
Qf5 41. Ra8+ Kh7 42. Rxa5 Bb3 43. Rxc5 Qxc5 44. Qb1+ g6 45. Qxb3 Qd4 46. h3 1/2-1/2

[Event "TCh-FRA Top 12 2017"]
[Site "Chartres FRA"]
[Date "2017.05.18"]
[Round "1.5"]
[Board "5"]
[White "Brunner, Nicolas"]
[Black "Bellahcene, Bilel"]
[Result "1/2-1/2"]
[WhiteTitle "IM"]
[BlackTitle "IM"]
[WhiteElo "2459"]
[BlackElo "2452"]
[WhiteTeam "VANDOEUVRE Echecs"]
[BlackTeam "TREMBLAY EN FRANCE"]
[WhiteFideId "620246"]
[BlackFideId "696358"]
[EventDate "2017.05.18"]

1. d4 d5 2. c4 e6 3. Nf3 c6 4. Qc2 Bd6 5. Bg5 Ne7 6. e3 f6 7. Bh4 Nf5 8. Bg3
Nxg3 9. hxg3 f5 10. Nc3 O-O 11. Bd3 h6 12. a3 a5 13. Rb1 Qe7 14. Nh4 Qf6 15. f4
Bd7 16. c5 Bc7 17. Nf3 Be8 18. Kf2 Qe7 19. b4 axb4 20. axb4 Nd7 21. b5 Nf6 22.
b6 Bb8 23. Kg1 Ng4 24. Nd1 g5 25. Qc1 Qg7 26. Ra1 Rxa1 27. Qxa1 Nf6 28. Nf2 Nh5
29. Rh3 g4 30. Rxh5 Bxh5 31. Nh4 Qf6 32. Be2 Rd8 33. Nd3 Qf8 34. Qc3 Be8 35. Qa3
Qe7 36. Qa1 Kg7 37. Qa3 h5 38. Qa5 Rc8 39. Kf2 Kf6 40. Ke1 Qd8 41. Kd2 Qe7 42.
Ke1 Qd8 43. Kd2 Qe7 1/2-1/2

[Event "TCh-FRA Top 12 2017"]
[Site "Chartres FRA"]
[Date "2017.05.18"]
[Round "1.6"]
[Board "1"]
[White "Neiksans, Arturs"]
[Black "Flear, Glenn C"]
[Result "1/2-1/2"]
[WhiteTitle "GM"]
[BlackTitle "GM"]
[WhiteElo "2599"]
[BlackElo "2439"]
[WhiteTeam "Les Tours de Haute Picardie, SAINT QUENTIN"]
[BlackTeam "Echecs Club MONTPELLIER"]
[WhiteFideId "11601388"]
[BlackFideId "400165"]
[EventDate "2017.05.18"]

1. Nf3 d5 2. g3 Bg4 3. Bg2 Nd7 4. O-O c6 5. h3 Bh5 6. d4 e6 7. c4 Ngf6 8. cxd5
cxd5 9. Nc3 Bd6 10. Qb3 Qb6 11. Qxb6 Nxb6 12. Ne5 Rc8 13. Bf4 Bb8 14. Rac1 O-O
15. g4 Bg6 16. Nxg6 hxg6 17. Bxb8 Rxb8 18. g5 Ne8 19. e4 dxe4 20. Nxe4 Rd8 21.
Nc5 Nd6 22. Nxb7 Nxb7 23. Bxb7 Rxd4 24. Rfd1 Rfd8 25. Rxd4 Rxd4 26. Rc2 Kf8 27.
Kg2 f6 28. b3 fxg5 29. Bf3 Ke7 30. Rc5 Kf6 31. Ra5 Rd7 32. Kf1 Rc7 33. Ke1 Nd7
34. Kd2 Ne5 35. Be2 Nc6 36. Ra4 Rd7+ 37. Ke3 Ne7 38. Bc4 Nf5+ 39. Kf3 Nd6 40.
Ke3 Nf5+ 41. Kf3 Nd6 1/2-1/2

[Event "TCh-FRA Top 12 2017"]
[Site "Chartres FRA"]
[Date "2017.05.18"]
[Round "1.6"]
[Board "2"]
[White "Brochet, Philippe"]
[Black "Sumets, Andrey"]
[Result "1/2-1/2"]
[WhiteTitle "IM"]
[BlackTitle "GM"]
[WhiteElo "2409"]
[BlackElo "2566"]
[WhiteTeam "Echecs Club MONTPELLIER"]
[BlackTeam "Les Tours de Haute Picardie, SAINT QUENTIN"]
[WhiteFideId "602469"]
[BlackFideId "14105500"]
[EventDate "2017.05.18"]

1. e4 c6 2. Nc3 d5 3. Nf3 Nf6 4. e5 Ne4 5. Nxe4 dxe4 6. Ng5 Qd5 7. Qe2 Qxe5 8.
Nxe4 g6 9. d4 Qe6 10. Qe3 Bg7 11. Bc4 Qd7 12. c3 b6 13. h4 Ba6 14. Bb3 h5 15.
Qf3 Qf5 16. Qxf5 gxf5 17. Ng3 e6 18. Bd1 Nd7 19. Nxh5 Bh6 20. Bxh6 Rxh6 21. Nf4
c5 22. Be2 Bb7 23. Bb5 cxd4 24. cxd4 O-O-O 25. Bxd7+ Kxd7 26. f3 Rc8 27. Kd2 Rc4
28. Ne2 f6 29. Rac1 Ra4 30. a3 Ba6 31. Rcd1 Kd6 32. h5 Bxe2 33. Kxe2 Kd5 34. Ke3
Rc4 35. Rd2 b5 36. g4 fxg4 37. fxg4 b4 38. axb4 Rxb4 39. Rc1 f5 40. Kf4 fxg4 41.
Kxg4 Rb8 42. Rc5+ Kd6 43. Rg5 Rf6 44. Rg6 Ke7 45. Rg7+ Kd6 46. Kg5 Rf1 47. Rh2
Rg1+ 48. Kh6 Rh8+ 49. Rh7 Ra8 50. Rc2 a5 51. Rcc7 Kd5 52. Rhd7+ Ke4 53. Kh7 Rg2
54. Rb7 Ra6 55. h6 Rh2 56. Kg7 Rg2+ 57. Kh7 Rh2 58. Ra7 Rxa7 59. Rxa7 Kxd4 60.
Kg7 Rg2+ 61. Kf8 Rxb2 62. Rxa5 e5 63. h7 Rh2 64. Kg7 Rg2+ 65. Kf6 Rf2+ 66. Ke6
Rh2 67. Rd5+ Kc4 68. Rxe5 1/2-1/2

[Event "TCh-FRA Top 12 2017"]
[Site "Chartres FRA"]
[Date "2017.05.18"]
[Round "1.6"]
[Board "4"]
[White "Ouakhir, Pierre Mehdi"]
[Black "Marcelin, Cyril"]
[Result "1/2-1/2"]
[WhiteTitle "CM"]
[BlackTitle "GM"]
[WhiteElo "2277"]
[BlackElo "2472"]
[WhiteTeam "Echecs Club MONTPELLIER"]
[BlackTeam "Les Tours de Haute Picardie, SAINT QUENTIN"]
[WhiteFideId "9000437"]
[BlackFideId "607274"]
[EventDate "2017.05.18"]

1. d4 g6 2. c4 Bg7 3. Nc3 d6 4. e4 e5 5. d5 a5 6. g3 Na6 7. Bg2 f5 8. Nge2 Nc5
9. O-O Nxe4 10. Nxe4 fxe4 11. Nc3 Nf6 12. Bg5 h6 13. Bxf6 Qxf6 14. Nxe4 Qe7 15.
c5 O-O 16. Rc1 dxc5 17. Rxc5 Bf5 18. Qc2 c6 19. dxc6 bxc6 20. Rxc6 Rac8 21. Rc1
Kh7 22. Rxc8 Rxc8 23. Qd2 Rxc1+ 24. Qxc1 Qb4 25. Qd2 Bxe4 26. Qxb4 axb4 27. Bxe4
Bf8 28. Kf1 Bc5 29. Ke2 Kg7 30. f3 Kf6 31. Kd3 g5 32. Kc4 Be7 33. Kb3 h5 34. a4
bxa3 35. bxa3 Ke6 36. a4 Bc5 37. a5 Kd6 38. a6 h4 39. Kc4 hxg3 40. hxg3 Bf2 41.
Kd3 Kc7 42. Ke2 Bc5 43. Bd5 Kb6 1/2-1/2

[Event "TCh-FRA Top 12 2017"]
[Site "Chartres FRA"]
[Date "2017.05.18"]
[Round "1.6"]
[Board "8"]
[White "Dubois, Marie"]
[Black "Leconte, Maria"]
[Result "0-1"]
[BlackTitle "WGM"]
[WhiteElo "1965"]
[BlackElo "2174"]
[WhiteTeam "Echecs Club MONTPELLIER"]
[BlackTeam "Les Tours de Haute Picardie, SAINT QUENTIN"]
[WhiteFideId "20643039"]
[BlackFideId "618446"]
[EventDate "2017.05.18"]

1. d4 Nf6 2. c4 e6 3. Nc3 Bb4 4. e3 Nc6 5. Ne2 d5 6. a3 Be7 7. Nf4 dxc4 8. Bxc4
e5 9. Nfe2 O-O 10. O-O Bg4 11. f3 exd4 12. exd4 Bh5 13. Be3 Bd6 14. Ne4 Nxe4 15.
fxe4 Qh4 16. g3 Qxe4 17. Qd2 Rae8 18. Nf4 Bxf4 19. Bxf4 Nxd4 20. Qd3 Ne2+ 0-1

[Event "TCh-FRA Top 12 2017"]
[Site "Chartres FRA"]
[Date "2017.05.19"]
[Round "2.1"]
[Board "1"]
[White "Navara, David"]
[Black "Flear, Glenn C"]
[Result "1/2-1/2"]
[WhiteTitle "GM"]
[BlackTitle "GM"]
[WhiteElo "2739"]
[BlackElo "2439"]
[WhiteTeam "MULHOUSE Philidor"]
[BlackTeam "Echecs Club MONTPELLIER"]
[WhiteFideId "309095"]
[BlackFideId "400165"]
[EventDate "2017.05.18"]

1. d4 d5 2. c4 e6 3. Nc3 c6 4. e4 dxe4 5. Nxe4 Bb4+ 6. Bd2 Qxd4 7. Bxb4 Qxe4+ 8.
Ne2 Na6 9. Bf8 Ne7 10. Bxg7 Nb4 11. Qd6 Nd3+ 12. Kd2 Nf5 13. Qxd3 Qxd3+ 14. Kxd3
Nxg7 15. Kc3 c5 16. g3 b6 17. Bg2 Rb8 18. Nf4 Bb7 19. Bxb7 Rxb7 20. Rhe1 Kd7 21.
Rad1+ Kc8 22. a3 Rd8 23. Rxd8+ Kxd8 24. g4 Rd7 25. Nd3 Rd4 26. f3 h5 27. h3 hxg4
28. hxg4 Rd6 29. Rh1 f6 30. Rh8+ Ke7 31. b4 cxb4+ 32. axb4 e5 33. c5 bxc5 34.
bxc5 Ra6 35. Rh7 Kf7 36. Nb4 Ra3+ 37. Kc4 Kg6 38. Rxg7+ Kxg7 39. c6 Ra1 40. Nd5
Rc1+ 41. Nc3 Rh1 42. c7 Rh8 43. Kb5 Rc8 44. Kc6 f5 45. gxf5 Rxc7+ 46. Kxc7 Kf6
47. Kd6 Kxf5 48. Ne2 a5 49. Kc5 a4 50. Kb4 Kg5 51. Kxa4 Kh4 52. Kb4 Kh3 53. Kc4
Kg2 54. Nd4 Kg3 55. Nc6 1/2-1/2